| 000 | 00874nam a2200193Ia 4500 | ||
|---|---|---|---|
| 999 |
_c2613 _d2613 |
||
| 008 | 200103s 2000 ||||xx |||||||||||||| ||und|| | ||
| 020 | _a9280161164 | ||
| 082 |
_a623.880711 _bIMO |
||
| 110 | _aInternational Maritime Organization | ||
| 245 | 0 | _aModel course 1.24: proficiency in fast rescue boats | |
| 260 |
_bInternational Maritime Organization _c2000 _aLondon |
||
| 300 | _av, 58 p. | ||
| 440 | _aModel course | ||
| 504 | _aIntroduction Part A. Course framework Part B. Course outline and timetable Part C. Detailed teaching syllabus Part D. Instructor manual Attachment: Guidance on the implementation of model courses | ||
| 520 | _aThis model course was developed with assistance from the Government of India. | ||
| 650 | _aMerchant mariners - Training of | ||
| 700 |
_aSearch and rescue operations _eSurvival - Study and teaching |
||
| 942 | _cBK | ||